000
00283nam a22001217a 4500
008
170930b xxu||||| |||| 00| 0 eng d
041
_a
eng
080
_a
37
100
_a
47
101
_a
EDU
245
_a
NEGOTIATION: READINGS, EXERCISES AND CASES
_c
LEWICKI, R.J
942
_2
udc
_c
BK
999
_c
30996
_d
30996